Normal view
MARC view
- Genetics
Entry Topical Term
001 - CONTROL NUMBER
- control field: 87431
003 - CONTROL NUMBER IDENTIFIER
- control field: NUST
005 - DATE AND TIME OF LATEST TRANSACTION
- control field: 20220107105209.0
008 - FIXED-LENGTH DATA ELEMENTS
- fixed length control field: 220107|| aca||aabn | a|a d
040 ## - CATALOGING SOURCE
- Original cataloging agency: NUST
- Transcribing agency: NUST
150 ## - HEADING--TOPICAL TERM
- Topical term or geographic name entry element: Genetics
670 ## - SOURCE DATA FOUND
- Source citation: Work cat.: (NUST)33028: Griffiths, Anthony J.F. 87430, Introduction to genetic analysis /, c2008.
